Szemben a betegséggel és a halállal

Elmentve itt :
Bibliográfiai részletek
Szerző: Thiel, Marie-Jo
További közreműködők: Bende József
Adatforrás:Philobibl
Forrásdokumentuma:Vigilia
77.2012:4. p. 262-271.
Dokumentumtípus: Cikk
Nyelv:magyar
Kulcsszavak:test
lélek
betegség
halál
etika
sebezhetőség
kegyelem
elfogadás
LEADER 00537nab a2200205 c 4500
001 bibPHI0043750
005 20200924125155.1
008 101116s2012 hu hun
100 1 |a Thiel, Marie-Jo 
245 1 0 |a Szemben a betegséggel és a halállal  |c Marie-Jo Thiel ; [ford. Bende József] 
695 |a test 
695 |a lélek 
695 |a betegség 
695 |a halál 
695 |a etika 
695 |a sebezhetőség 
695 |a kegyelem 
695 |a elfogadás 
700 1 |a Bende József 
773 0 |t Vigilia  |g 77.2012:4. p. 262-271.